000 00179 a2200097 4500
020 _a9788496514751
041 _aspa
100 _aGil,Carmen
245 _aEl tesoro de
942 _cBK
999 _c9968
_d9968